Word Answers that End in "-tz" - Statistics

General Stats
  • This quiz has been taken 187 times
  • The average score is 9 of 16
Answer Stats
Hint Answer % Correct
An intensive or sudden military attack blitz
87%
Hard white or colorless mineral consisting of silicon dioxide quartz
87%
Unit of measurement for cycles per second hertz
85%
Infamous Polish concentration camp Auschwitz
81%
A clumsy person klutz
80%
Ostentatious luxury and glamour (or name of hotel chain) ritz
79%
Squirt or spray in quick, short bursts spritz
64%
A communal settlement in Israel, typically a farm kibbutz
63%
Adult-oriented animated cat or first name of Austrian director Lang Fritz
59%
A scatterbrained person ditz
47%
Extravagant but superficial display glitz
45%
Thin rolled pancake filled with cheese or fruit, then fried or baked blintz
33%
Excessive sentimentality, especially in music or movies schmaltz
25%
A stupid or worthless person putz
23%
Last name of Simpsons lawyer Lionel, voiced by Phil Hartman Hutz
19%
Snack food company founded in 1921 in Hanover, PA Utz
18%
No matching quizzes found
Score Distribution
Percent of People with Each Score
Percentile by Number Answered
Your Score History
You have not taken this quiz